Mobbing, psychický teror na pracovisku
Príčiny vzniku, možnosti riešenia a obrany voči mobbingu. Pojem mobbing. Časté stratégie mobbingu. Typológia nebezpečných šéfov podľa B. Huberovej.
Guardado en:
| Autor principal: | |
|---|---|
| Formato: | Capítulo de libro |
| Lenguaje: | eslovaco |
| Materias: | |
| Etiquetas: |
Sin Etiquetas, Sea el primero en etiquetar este registro!
|
MARC
| LEADER | 00000naa a2200000 4500 | ||
|---|---|---|---|
| 001 | r030562 | ||
| 005 | 20230919080823.5 | ||
| 041 | 0 | |a slo | |
| 044 | |a SK | ||
| 245 | 1 | 0 | |a Mobbing, psychický teror na pracovisku |c Viera Farkašová |
| 520 | |a Príčiny vzniku, možnosti riešenia a obrany voči mobbingu. Pojem mobbing. Časté stratégie mobbingu. Typológia nebezpečných šéfov podľa B. Huberovej. | ||
| 610 | 2 | 0 | |a mobbing |
| 610 | 2 | 0 | |a prostredie pracovné |
| 610 | 2 | 0 | |a pracovníci vedúci |
| 610 | 2 | 0 | |a typológia pracovníkov |
| 100 | 1 | |a Farkašová, Viera | |